<?xml version="1.0" encoding="UTF-8"?>
<record
    xmlns:xsi="http://www.w3.org/2001/XMLSchema-instance"
    xsi:schemaLocation="http://www.loc.gov/MARC21/slim http://www.loc.gov/standards/marcxml/schema/MARC21slim.xsd"
    xmlns="http://www.loc.gov/MARC21/slim">

  <leader>01645cam a2200313 a 4500</leader>
  <controlfield tag="001">630457</controlfield>
  <controlfield tag="003">CO-MqBPB</controlfield>
  <controlfield tag="005">20221019120856.0</controlfield>
  <controlfield tag="008">960907s1996    sp      r     00011dspa d</controlfield>
  <datafield tag="020" ind1=" " ind2=" ">
    <subfield code="a">9789585266308</subfield>
  </datafield>
  <datafield tag="035" ind1=" " ind2=" ">
    <subfield code="a">AFR8830 LA</subfield>
  </datafield>
  <datafield tag="040" ind1=" " ind2=" ">
    <subfield code="a">CO-MqBPB</subfield>
    <subfield code="c">CO-MqBPB</subfield>
    <subfield code="b">spa</subfield>
  </datafield>
  <datafield tag="041" ind1="1" ind2=" ">
    <subfield code="a">spa </subfield>
    <subfield code="h">eng</subfield>
  </datafield>
  <datafield tag="043" ind1=" " ind2=" ">
    <subfield code="a">n-us---</subfield>
  </datafield>
  <datafield tag="082" ind1="0" ind2="4">
    <subfield code="a">813.5 </subfield>
    <subfield code="b">R33n </subfield>
  </datafield>
  <datafield tag="100" ind1="1" ind2=" ">
    <subfield code="a">Redfield, James M., </subfield>
    <subfield code="d">1935-.</subfield>
  </datafield>
  <datafield tag="245" ind1="1" ind2="4">
    <subfield code="a">Las nueve revelaciones /</subfield>
    <subfield code="c">James Redfield ; traducci&#xF3;n Jordi Gubern.</subfield>
  </datafield>
  <datafield tag="250" ind1=" " ind2=" ">
    <subfield code="a">Primera Reimpresi&#xF3;n</subfield>
  </datafield>
  <datafield tag="260" ind1=" " ind2=" ">
    <subfield code="a">Bogot&#xE1; D.C. , Colombia: </subfield>
    <subfield code="b">Penguin Random House, </subfield>
    <subfield code="c">2020.</subfield>
  </datafield>
  <datafield tag="300" ind1=" " ind2=" ">
    <subfield code="a">385 p. ; </subfield>
    <subfield code="c">21 cm.</subfield>
  </datafield>
  <datafield tag="520" ind1=" " ind2=" ">
    <subfield code="a">En 1992 solo fue un peque&#xF1;o libro que su autor, James Redfield, publicaba por su cuenta y bajo su propio riesgo. Pero muy pronto se convirti&#xF3; en la gran aventura espiritual que ha cambiado la visi&#xF3;n de varias generaciones sobre el destino humano. Este inolvidable cl&#xE1;sico de la espiritualidad narra la historia de un antiguo manuscrito, escondido en la selva peruana, que guarda en sus p&#xE1;ginas nueve revelaciones esenciales para comprender el presente y enfrentarnos al futuro. Si bien la b&#xFA;squeda de ese texto perdido supone un gran esfuerzo lleno de riesgos, la tenacidad de un peque&#xF1;o grupo de sabios aventureros nos dar&#xE1; las claves de un mensaje sencillo y directo que apunta a nuestra m&#xE1;s profunda espiritualidad.</subfield>
  </datafield>
  <datafield tag="534" ind1=" " ind2=" ">
    <subfield code="p">T&#xFFFD;tulo original. </subfield>
    <subfield code="t">The celestine prophecy.</subfield>
  </datafield>
  <datafield tag="650" ind1=" " ind2=" ">
    <subfield code="a">Espiritualidad</subfield>
    <subfield code="v"> Novela.</subfield>
  </datafield>
  <datafield tag="650" ind1=" " ind2="6">
    <subfield code="a">Energ&#xFFFD;a c&#xFFFD;smica</subfield>
    <subfield code="v"> Novela.</subfield>
  </datafield>
  <datafield tag="650" ind1=" " ind2=" ">
    <subfield code="a">Percepci&#xFFFD;n</subfield>
    <subfield code="v"> Novela.</subfield>
  </datafield>
  <datafield tag="700" ind1="1" ind2=" ">
    <subfield code="a">Gunbern, Jordi, </subfield>
    <subfield code="e">tr.</subfield>
  </datafield>
  <datafield tag="942" ind1=" " ind2=" ">
    <subfield code="2">ddc</subfield>
    <subfield code="c">BK</subfield>
  </datafield>
  <datafield tag="949" ind1=" " ind2=" ">
    <subfield code="a">n   </subfield>
    <subfield code="b">n</subfield>
  </datafield>
  <datafield tag="999" ind1=" " ind2=" ">
    <subfield code="c">14514</subfield>
    <subfield code="d">14514</subfield>
  </datafield>
  <datafield tag="952" ind1=" " ind2=" ">
    <subfield code="0">0</subfield>
    <subfield code="1">0</subfield>
    <subfield code="2">ddc</subfield>
    <subfield code="4">0</subfield>
    <subfield code="7">0</subfield>
    <subfield code="8">GEN</subfield>
    <subfield code="a">BPMOS</subfield>
    <subfield code="b">BPMOS</subfield>
    <subfield code="d">2022-10-19</subfield>
    <subfield code="e">Compra BPSJBM 2022</subfield>
    <subfield code="i">NT</subfield>
    <subfield code="l">3</subfield>
    <subfield code="m">1</subfield>
    <subfield code="o">813.5  R33n </subfield>
    <subfield code="p">MOS502677</subfield>
    <subfield code="r">2024-04-01</subfield>
    <subfield code="s">2024-03-14</subfield>
    <subfield code="t">EJ. 1</subfield>
    <subfield code="w">2022-10-19</subfield>
    <subfield code="y">BK</subfield>
    <subfield code="z">Ocho d&#xED;as</subfield>
  </datafield>
</record>
